Axelle. (Registro nro. 324105)

Detalles MARC
000 -ENCABEZADO
Número de control [NR] 01278nam a2200265 4500
005 - FECHA Y HORA DE LA ÚLTIMA TRANSACCIÓN
control field 20240422084602.0
008 - DE LONGITUD FIJA DE DATOS DE ELEMENTOS - INFORMACIÓN GENERAL
Elementos de longitud fija [NR] 240119s1928 fr ||||fr|||| 00| f fre d
040 ## - FUENTE DE CATALOGACION [NR]
Agencia de catalogación original [NR] CO-BoUCM
Idioma de catalogación [NR] spa
Quien Cataloga Sandra Yazo
Quien Clasifica Sandra Yazo
041 0# - CODIGO DE IDIOMA [R]
Código de idioma para texto/pista de sonido o título separado [R] Francés
082 04 - NUMERO DE CLASIFICACION DECIMAL DEWEY [R]
Número de la edición [NR] 20
Número de clasificación [R] 843
092 ## - SIGNATURA TOPOGRAFICA LOCAL
Número de clasificación local E53N011
100 1# - ASIENTO PRINCIPAL--NOMBRE PERSONAL [NR]
Nombre personal [NR] Benoit, Pierre
Fechas asociadas con el nombre [NR] 1886-1962
ID Autoridad 149645
242 03 - TRADUCCION DEL TITULO POR LA AGENCIA CATALOGADORA [R]
Título [NR] Axelle.
Parte restante del título [NR] Novela.
Mención de responsabilidad, etc. [NR] Pedro Benoit
Código de idioma del título traducido [NR] spa
245 10 - MENCION DE TITULO [NR]
Título [NR] Axelle.
Parte restante del título [NR] Roman.
Mención de responsabilidad, etc. [NR] Pierre Benoit
260 ## - PUBLICACION, DISTRIBUCION, ETC. (PIE DE IMPRENTA) [R]
Lugar de publicación, distribución, etc. [R] París (Francia)
Nombre del editor, distribuidor, etc. [R] Albin Michel ; Établissement Busson
Fecha de publicación, distribución, etc. [R] 1928
300 ## - DESCRIPCION FISICA [R]
Extensión [R] 351 páginas
Dimensiones [R] 18 x 11 cm.
500 ## - NOTA GENERAL [R]
Nota general [NR] Detalles físicos: Sin encuadernación original, actualmente encuadernación rígida (holandesa) en cartón forrado en papel; lomo de tela con letras y líneas decorativas en dorado. Guardas. Anteportada. Portada, impresa en una sola tinta, grabado con anagrama con las iniciales (A M) del Editor (Albin Michel). Texto impreso en una sola columna. Sin índice. Papel con oxidación en los bordes. Residuos de rótulos antiguos en lomo.
505 0# - NOTA DE CONTENIDO CON FORMATO PREESTABLECIDO [R]
Nota de contenido con formato preestablecido [NR] Capítulos I al XX
506 ## - NOTA DE RESTRICCIONES DE ACCESO [R]
Condiciones de acceso [NR] Consulta en sala
546 ## - NOTA DE IDIOMA [R]
Nota de idioma [NR] Texto en francés
650 #7 - ASIENTO SECUNDARIO DE MATERIA - TERMINO TEMATICO [R]
9 (RLIN) 20506
Término temático o nombre geográfico como elemento de entrada [NR] Novela francesa
Subdivisión general [R] Siglos XIX-XX
650 #7 - ASIENTO SECUNDARIO DE MATERIA - TERMINO TEMATICO [R]
9 (RLIN) 7794
Término temático o nombre geográfico como elemento de entrada [NR] Literatura francesa
690 ## - ASUNTO AGREGADO LOCAL DE ENTRADA - TÉRMINO TEMÁTICO (OCLC, RLIN)
Acceso temático local Literatura europea
9 (RLIN) 26524
942 ## - ELEMENTOS DE ENTRADA AGREGADOS (KOHA)
Sistema de clasificación LOCAL
Tipo de ítem principal el descrito en 300a Libro
Edición 1
Clasificación E53N011
Existencias
Suprimido Perdido Sistema de clasificación Dañado No prestable Tipo de ítem específico Ubicación habitual Ubicación actual Localización Fecha de creación Forma de adquisición Costo Total préstamos Signatura topográfica Código de barras Última vez visto Ejemplar Price effective from Tipo de ítem
    LOCAL     Libro archivo Archivo Histórico Archivo Histórico Archivo histórico 22/04/2024 Donación 0.00   E53N011 L007040 22/04/2024 Ej.1 22/04/2024 Libro